000 00486nmm a2200169Ia 4500
008 251105s9999||||xx |||||||||||||||||und||
041 _aspa
100 _aRufin, Jean-Christophe
245 0 _aEl collar rojo
264 _a[Madrid, España] :
_bEdiciones B,
_c2015
300 _a112 páginas
650 _aHistorical fiction
700 _aRufin, Jean-Christophe
700 1 _a Alapont Calderaro, M.ª Rosa
856 _uhttps://public.digitaliapublishing.com/a/54095
942 _cCF
999 _c70839
_d70839